| 000 | 00726nam a2200217Ia 4500 | ||
|---|---|---|---|
| 001 | 17842 | ||
| 003 | GE_BSU | ||
| 008 | 181216s||||||||xx |||||||||||||| ||und|| | ||
| 040 | _cGE_BSU | ||
| 080 | _a658.26 | ||
| 100 | _aФедоров,А.А. | ||
| 245 | _aОсновы электроснабжения промишленных предприятий. | ||
| 245 | _bУчебное пособие. | ||
| 245 | _cРед. Е.В.Чеботарев. | ||
| 260 | _aМ. | ||
| 260 | _bЭнергия. | ||
| 260 | _c1967. | ||
| 300 | _a416 стр. с илл. 22 см. Библиогр.: стр. 413-416. | ||
| 653 | _aОсновы электроснабжения промишленных предприятий. | ||
| 942 | _cBK | ||
| 999 |
_c50887 _d50887 |
||